000 00448nam a2200181Ia 4500
001 22405
005 20260414150829.0
008 260414t2011||||xx |||||||||||||| ||spa||
041 _aESP
082 _a621.381
_bG61
100 _aGomis Tena-Dolz, Julio
_eAUT
245 0 _aElectrónica industrial :
_bproblemas resueltos
260 _c2011
300 _a314 páginas :
_c24 cm.
650 _aTCA
654 _aCET
942 _cLIB
_dJUS
_fJUS
_2ddc
_n
999 _c22405
_d22405